000 00670nam a2200253 a 4500
999 _c5264
_d5264
001 5264
003 BD-JhCC
005 20171213115704.0
008 171211s19771981u a|||| || | 000 0 eng d
035 _a(BD-JhCC)5264
040 _aBD-JhCC
_dBD-JhCC
041 _aeng
082 _a370
_bALL 1981
100 _aAllred, Ruel A.
245 _aKeys to Spelling Mastery /
_cRuel A. Allred, Louise O. Baird, Edwin A. Read
260 _aUSA :
_bThe Economy Company,
_c1981.
300 _a160 P. :
_c24 cm.
600 _aJuvenile Literature
650 _aJuvenile
700 _aBaird, Louise O.
700 _aRead, Edwin A.
942 _2ddc
_cBK